[Event "Bugojno"]
[Site "Bugojno"]
[Date "1978.03.03"]
[Round "5"]
[White "Timman, Jan H"]
[Black "Karpov, Anatoly"]
[Result "1-0"]
[WhiteElo "2585"]
[BlackElo "2725"]
[Annotator "Bulletin"]
[PlyCount "91"]
[EventDate "1978.02.27"]
[EventType "tourn"]
[EventRounds "15"]
[EventCountry "YUG"]
[EventCategory "14"]
[SourceTitle "MCL"]
[Source "ChessBase"]
[SourceDate "1999.07.01"]
[SourceVersion "1"]
[SourceVersionDate "1999.07.01"]
[SourceQuality "1"]

1. c4 e6 2. Nc3 d5 3. d4 Be7 4. cxd5 exd5 5. Bf4 Nf6 6. e3 O-O 7. Qc2 c6 8. Bd3 Re8 9. Nf3 Nbd7 10. O-O-O Nf8 11. h3 Be6 (11... a5 12. g4 a4 13. Kb1 b5 14. Ne5 Bb7 15. Ne2 $14 {Yudovich-Sergiyevsky, USSR 1958}) 12. Kb1 (12. g4 Rc8 13. Ne5 b5 14. Kb1 Qa5 15. Rhg1 a6 16. g5 N6d7 {Gutman-Klovan, USSR 1970}) 12... Rc8 (12... b5) (12... a6 {..c5}) ({RR} 12... a5 13. g4 b5 14. Ne5 Rc8 15. g5 Nh5 16. Bh2 Bxg5 17. f4 Bh4 18. f5 Bd7 19. Rhg1 f6 20. Nxd7 Qxd7 21. Qe2 Qf7 22. e4 Kh8 23. Qf3 b4 24. Na4 g5 25. fxg6 hxg6 26. Nb6 Rb8 27. Bxb8 {Vidit,S (2513)-Savchenko,B (2609) Moscow 2012 1-0 (45)}) 13. Ng5 $1 (13. e4 $6) ({RR} 13. Rc1 a6 14. Na4 Ne4 15. Nc5 Bxc5 16. dxc5 Nd7 17. Bxe4 dxe4 18. Nd4 Nf6 19. a3 Nd5 20. Bg3 Bd7 21. Qb3 f5 22. Qxb7 f4 23. Bxf4 Nxf4 24. exf4 Rb8 25. Qxa6 Qf6 26. Qc4+ Kh8 27. Qc3 e3 {Abdyzhapar,A (2349)-Turksoi,Z (2067) Korumdu 2025 1-0 (36)}) 13... b5 $146 (13... Bd7 14. Be5 h6 15. Nf3 c5 $1) ({RR} 13... c5 14. Be5 cxd4 15. exd4 h6 16. Nxe6 Nxe6 17. Qb3 Qa5 18. Qxb7 Ba3 19. Qa6 Qb4 20. Qxa3 Qxa3 21. bxa3 Rxc3 22. Kb2 Rec8 23. Rc1 Rxc1 24. Rxc1 Rxc1 25. Kxc1 Nd7 26. Bd6 Nxd4 27. Kd2 f6 28. Kc3 {Titorenko,N (2190)-Kuzmina,C Moscow 1981 1-0 (39)}) 14. Be5 {15.xf6 16.xh7} h6 15. Nxe6 Nxe6 16. g4 $1 $16 Nd7 17. h4 $1 (17. Bg3 $2 Bh4) 17... b4 (17... Bxh4 18. f4 Be7 19. Bh7+ Kf8 20. Bf5) 18. Ne2 Bxh4 19. f4 c5 (19... Nxe5 20. dxe5 c5 21. g5 $1) 20. Ba6 $1 $18 Be7 21. Bxc8 Qxc8 22. Ng3 $1 {f5} f6 $6 (22... cxd4 $18) 23. Rxh6 $1 Nef8 (23... gxh6 24. Qg6+) 24. Rh3 $1 c4 25. Nf5 fxe5 26. fxe5 Qc6 27. Rdh1 Ng6 28. Nd6 (28. Nxg7 $1 Kxg7 29. Rh7+ Kg8 30. Qf5 Rf8 31. Rh8+ $1) 28... Ndf8 29. Nxe8 Qxe8 30. Rh5 Qc6 31. Qf5 a5 (31... Qe6 32. e4 dxe4 33. Qxe4 {d5}) 32. e6 Qxe6 33. Qxd5 a4 34. Rc1 c3 35. bxc3 bxc3 36. Rxc3 Qxd5 37. Rxd5 Ne6 38. Kc2 Kf7 39. Ra5 Ng5 40. Rc6 Ne4 41. Rxa4 Nf6 42. Ra7 Nd5 43. Rxg6 Kxg6 44. e4 Nb4+ 45. Kb3 Bf8 46. Rb7 1-0

[Event "Donskoj"]
[Site "Donskoj"]
[Date "2018.03.12"]
[Round "6"]
[White "Karpov, Alexander"]
[Black "Bakutin, Aleksey"]
[Result "1/2-1/2"]
[WhiteElo "2201"]
[BlackElo "2334"]
[PlyCount "55"]
[EventDate "2018.03.09"]
[EventType "tourn"]
[EventRounds "13"]
[EventCountry "RUS"]
[EventCategory "1"]
[SourceTitle "CBM 183 Extra"]
[Source "ChessBase"]
[SourceDate "2018.04.19"]
[SourceVersion "1"]
[SourceVersionDate "2018.04.19"]
[SourceQuality "1"]

1. d4 d5 2. c4 c6 3. Nf3 e6 4. cxd5 exd5 5. Nc3 Nf6 6. Bf4 Bd6 7. Bxd6 Qxd6 8. e3 Bf5 9. Qb3 ({RR} 9. Nh4 Bg6 10. h3 Nbd7 11. Nxg6 hxg6 12. Bd3 O-O 13. O-O Rfe8 14. Rb1 a5 15. a3 b5 16. Qc2 Nb6 17. Rfc1 a4 18. Na2 Nc4 19. Nb4 Re6 20. Qd1 Rae8 21. b3 axb3 22. Rxb3 Ra8 23. Rbc3 Nd7 {Carlsen,M (2832)-So,W (2815) Chess.com INT 2017 1-0 (65)}) 9... b6 ({RR} 9... Qc7 10. Nh4 Be6 11. Bd3 Nbd7 12. h3 O-O 13. Nf3 c5 14. dxc5 d4 15. Qc2 dxc3 16. Qxc3 Qxc5 17. Qd2 Rfd8 18. O-O Nb6 19. Nd4 Qg5 20. f4 Qc5 21. Rac1 Qe7 22. Qe2 Bd5 23. Nf5 Qe6 24. Rfe1 {Rustemov,A (2525)-Nguyen,L (2023) chess.com INT 2026 0-1 (31)}) 10. Be2 Nbd7 $146 ({RR} 10... O-O 11. O-O Nbd7 12. Rfd1 Rac8 13. Rac1 Rfe8 14. h3 Ne4 15. Nxe4 dxe4 16. Nd2 Qg6 17. Kh2 Qd6+ {½-½ (17) Masarik,D (2039)-Mihalik,A (1982) Slovakia 2007}) ({RR} 10... O-O 11. O-O Nbd7 12. Rac1 Ne4 13. Rfd1 Ndf6 14. Qa4 b5 15. Qa6 Bc8 16. Qa5 Ng4 17. Rf1 b4 18. Nxe4 dxe4 19. Ne5 Nxe5 20. dxe5 Qe7 21. Rxc6 Be6 22. Rfc1 Rfc8 23. h3 Rxc6 24. Rxc6 Rc8 25. Rxc8+ {Volkov,M (2163)-Crevatin,L (2171) Chess.com INT 2020 1-0 (70)}) 11. O-O h6 12. Rac1 O-O 13. Rfd1 Rac8 14. Qa4 a5 15. a3 Ra8 16. Qb3 Rfc8 17. h3 b5 18. Bd3 Bxd3 19. Rxd3 Nb6 20. Ne5 Nfd7 21. e4 Nxe5 22. dxe5 Qxe5 23. exd5 Nxd5 24. Nxd5 cxd5 25. Rcd1 Rc5 26. Rxd5 Rxd5 27. Qxd5 Re8 28. Qxe5 1/2-1/2

[Event "Novokuznetsk Old Stager op"]
[Site "Novokuznetsk"]
[Date "2015.01.11"]
[Round "2"]
[White "Karpov, Arkadiy"]
[Black "Anokhin, Viktor T"]
[Result "1/2-1/2"]
[WhiteElo "2054"]
[BlackElo "1969"]
[PlyCount "150"]
[EventDate "2015.01.10"]
[EventType "swiss"]
[EventRounds "9"]
[EventCountry "RUS"]
[SourceTitle "EXT 2018"]
[Source "ChessBase"]
[SourceDate "2017.10.13"]
[SourceVersion "1"]
[SourceVersionDate "2017.10.13"]
[SourceQuality "1"]

1. d4 d5 2. c4 c6 3. Nc3 e6 4. Nf3 Nf6 5. a3 Nbd7 6. Bf4 ({RR} 6. cxd5 a6 {½-½ (6) Yushinov,N (2410)-Soshnikov,M (2338) Komsomolsky 2009}) 6... Be7 7. e3 Ne4 $146 ({RR} 7... O-O 8. Bd3 dxc4 9. Bxc4 Nd5 10. Nxd5 exd5 11. Bd3 Nf6 12. O-O Bg4 13. h3 Bh5 14. Be2 Ne4 15. Ne5 Bxe2 16. Qxe2 f6 17. Nd3 Bd6 18. Bxd6 Qxd6 19. Rac1 Rae8 20. Nc5 Qe7 21. Nxe4 Qxe4 22. f3 {Jurga,W-Remek,U (1655) Rheinhausen 2014 0-1 (33)}) ({RR} 7... O-O 8. Be2 b6 9. O-O Bb7 10. b4 c5 11. b5 Rc8 12. Bg5 dxc4 13. Ne5 Nxe5 14. dxe5 Nd5 15. Bxe7 Qxe7 16. Ne4 Nxe3 17. fxe3 Bxe4 18. Bxc4 Qg5 19. Qe2 Qxe5 20. Rac1 Bd5 21. Bd3 c4 22. Bc2 {Wimalachandra,R (1480)-Yeung,J (1802) Hamilton SCO 2026 0-1 (57)}) ({RR} 7... Nh5 8. Bg3 Nxg3 9. hxg3 Qb6 10. Qc2 Nf6 11. Bd3 Bd7 12. Ne5 h6 13. g4 dxc4 14. Bxc4 Nd5 15. Bd3 a5 16. Na4 Qc7 17. Nc5 Bxc5 18. Qxc5 b6 19. Qc2 c5 20. Rc1 Rc8 21. Qe2 Qd8 22. Nxd7 {Resch Lopez,A-Garcia Iglesias,D Asturias 2000 1-0 (32)}) 8. Nxe4 dxe4 9. Nd2 f5 10. Qb3 Nf6 11. Be2 O-O 12. O-O Bd6 13. Bxd6 Qxd6 14. c5 Qe7 15. Nc4 Kh8 16. Qc2 Nd5 17. f3 Nf6 18. Nd6 Nd5 19. Nc4 Nf6 20. Rae1 Rb8 21. Ne5 Bd7 22. fxe4 Nxe4 23. Bd3 Nf6 24. e4 g6 25. exf5 gxf5 26. Bxf5 Qg7 27. Bh3 Rbd8 28. Rf3 Nh5 29. Ref1 Rxf3 30. Rxf3 Be8 31. Qf2 Bg6 32. Bxe6 Qh6 33. g4 Qc1+ 34. Kg2 Be4 35. gxh5 Qg5+ 36. Qg3 Bxf3+ 37. Nxf3 Qxh5 38. Qe5+ Qxe5 39. dxe5 Kg7 40. Kg3 Rd3 41. Kf4 h6 42. h4 Rd1 43. Bc4 b5 44. cxb6 axb6 45. Ke4 Rb1 46. b3 b5 47. Be6 Ra1 48. Nd4 Re1+ 49. Kf4 Rf1+ 50. Kg3 Rc1 51. h5 Kf8 52. Kf4 Rf1+ 53. Ke4 Ke7 54. Bg4 Re1+ 55. Kf4 c5 56. Nxb5 Rb1 57. b4 cxb4 58. Be2 b3 59. Bd3 Ra1 60. Ke4 b2 61. Nc3 Rxa3 62. Kd4 Ke6 63. Bc4+ Kd7 64. Bd3 Ke6 65. Nb1 Ra1 66. Nc3 Re1 67. Bc4+ Kf5 68. Bd3+ Ke6 69. Bc4+ Kf5 70. e6 Kf6 71. Ba2 Rh1 72. Kd3 Rh3+ 73. Kc2 Rxc3+ 74. Kxc3 b1=Q 75. Bxb1 Kxe6 1/2-1/2

[Event "World Cup"]
[Site "Rotterdam"]
[Date "1989.??.??"]
[Round "?"]
[White "Karpov, Anatoly"]
[Black "Jussupow, Artur"]
[Result "1-0"]
[WhiteElo "2750"]
[BlackElo "2610"]
[PlyCount "115"]
[EventDate "1989.06.??"]
[EventType "tourn"]
[EventRounds "15"]
[EventCountry "NED"]
[EventCategory "15"]
[SourceTitle "CBM 013"]
[Source "ChessBase"]
[SourceDate "1989.12.01"]
[SourceVersion "1"]
[SourceVersionDate "1989.12.01"]
[SourceQuality "1"]

1. c4 e6 2. d4 d5 3. Nc3 Be7 4. Nf3 Nf6 5. cxd5 exd5 6. Bg5 c6 7. Qc2 Na6 8. e3 Nb4 9. Qd1 Bf5 10. Rc1 a5 ({RR} 10... Qa5 11. Qd2 Nxa2 12. Bxf6 Nxc1 13. Bxe7 Qa1 14. Ba3 Nd3+ 15. Ke2 Nc1+ 16. Ke1 Nd3+ {½-½ (16) Lerner,K (2530)-Kharitonov,A (2550) Simferopol 1988}) 11. Be2 ({RR} 11. a3 Na6 12. Ne5 h6 13. Bf4 Nc7 14. g4 Bh7 15. Qb3 Rb8 16. Qa4 Bd6 17. Qxa5 Qe7 18. Be2 Ne6 19. Bg3 h5 20. gxh5 Bf5 21. Qa4 Kf8 22. Qd1 Bh3 23. Rg1 Rd8 24. Bh4 Qe8 25. Bd3 Nc5 {Parra Cabrera,E (2285)-Solares Orozco,K (2299) Las Tunas 2020 0-1 (34)}) 11... O-O 12. O-O Nd7 $146 ({RR} 12... Ne4 13. Bxe7 Qxe7 14. a3 Na6 15. Nd2 Nxc3 16. Rxc3 Nc7 17. Bg4 Bxg4 18. Qxg4 Nb5 19. Rc5 g6 20. Qd1 a4 21. Re1 Rfe8 22. Rc1 Nd6 23. Qc2 Nf5 24. Nf3 f6 25. Qc5 Qd7 26. Qb6 g5 27. Rc5 {Kajganovic,M (2230)-Barle,J (2420) Caorle 1989 0-1 (67)}) 13. Bxe7 Qxe7 14. Qb3 Rfb8 15. Na4 Na6 16. Bxa6 Rxa6 17. Nc5 Rb6 18. Qc3 Rb5 19. Rfe1 h6 20. b3 Be4 21. Nd2 Bg6 22. Nf1 Nxc5 23. dxc5 b6 24. cxb6 R8xb6 25. Nd2 Qa3 26. Nf3 c5 27. Qd2 Be4 28. Ne5 Re6 29. Nd3 g5 30. Rc3 d4 31. exd4 cxd4 32. Rc8+ Kg7 33. Nf4 gxf4 34. Qxd4+ Rbe5 35. Rxe4 Qd6 36. Qa1 Kh7 37. Rxe5 Rxe5 38. h3 f3 39. Qb1+ Kg7 40. Rc4 Qe6 41. Rg4+ Kf8 42. Qd3 h5 43. Qd8+ Qe8 44. Qd6+ Qe7 45. Qb8+ Qe8 46. Qd6+ Qe7 47. Qh6+ Ke8 48. Rg8+ Kd7 49. Qd2+ Kc7 50. Qf4 fxg2 51. Rg7 Kb6 52. Rxf7 Qg5 53. Rf6+ Kb7 54. Qf3+ Ka7 55. Rf7+ Kb6 56. Rb7+ Kc5 57. Rc7+ Kb4 58. Qf8+ 1-0

[Event "Odoev-ch"]
[Site "Odoev"]
[Date "2018.06.04"]
[Round "8"]
[White "Ismayilov, Ganjali"]
[Black "Karpov, Alexander N"]
[Result "1/2-1/2"]
[WhiteElo "2389"]
[BlackElo "2007"]
[PlyCount "84"]
[EventDate "2018.05.28"]
[EventType "swiss"]
[EventRounds "9"]
[EventCountry "RUS"]
[SourceTitle "EXT 2019"]
[Source "ChessBase"]
[SourceDate "2018.10.10"]
[SourceVersion "1"]
[SourceVersionDate "2018.10.10"]
[SourceQuality "1"]

1. d4 d5 2. c4 e6 3. Nc3 Nf6 4. cxd5 exd5 5. Bg5 Be7 6. Qc2 O-O 7. e3 c6 8. Bd3 Nbd7 9. Nf3 Re8 10. O-O Nf8 11. a3 a5 12. Rab1 Ne4 13. Bxe7 Qxe7 14. Bxe4 dxe4 15. Nd2 f5 16. Rbe1 ({RR} 16. Na4 Be6 17. Qc5 Qc7 18. Nb6 Ra6 19. Ndc4 Rd8 20. b4 Bxc4 21. Qxc4+ Kh8 22. bxa5 Rxa5 23. a4 f4 24. d5 f3 25. Qxe4 fxg2 26. Rfd1 cxd5 27. Qb4 Qc5 28. Qxc5 Rxc5 29. Rb5 Ne6 30. Rxd5 Rcxd5 {Temizkan,D (2192)-Guder,E (1995) Denizli TUR 2025 1-0 (40)}) 16... Be6 17. f3 exf3 18. Nxf3 Nd7 $146 ({RR} 18... Ng6 19. d5 Bxd5 20. Nxd5 cxd5 21. Qxf5 Qe4 {½-½ (21) Bannik,A-Kondratiev,P Minsk 1962}) ({RR} 18... Rad8 19. Qa4 Qc7 20. Ng5 Qb6 21. Qc2 h6 22. Nxe6 Nxe6 23. Qxf5 Qxb2 24. Ne4 Kh8 25. Qxa5 Rd5 26. Qb4 Qxb4 27. axb4 Nc7 28. Nc5 Na6 29. Nxa6 bxa6 30. Kf2 a5 31. bxa5 Rxa5 32. Re2 Rf5+ 33. Ke1 {Volkov,S (2480)-Asrian,K (2440) Smolensk 1997 ½-½ (60)}) 19. Rf2 Rad8 20. Qa4 Nb6 21. Qxa5 Nc4 22. Qa4 Bd5 23. Nd2 b5 24. Nxd5 Rxd5 25. Qc2 Rxd4 26. Nxc4 Rxc4 27. Qxf5 Re4 28. Qf3 h6 29. Rfe2 Qc5 30. g3 Kh7 31. Qf2 Rf8 32. Rc2 Rxf2 33. Rxc5 Rxb2 34. Rxc6 Ra2 35. Rc3 b4 36. axb4 Rxb4 37. e4 Rbb2 38. h4 Rg2+ 39. Kh1 Rh2+ 40. Kg1 Rag2+ 41. Kf1 Rf2+ 42. Kg1 Rfg2+ 1/2-1/2

[Event "URS-ch55"]
[Site "Moscow"]
[Date "1988.07.??"]
[Round "1"]
[White "Karpov, Anatoly"]
[Black "Kharitonov, Andrei Y"]
[Result "1-0"]
[WhiteElo "2725"]
[BlackElo "2550"]
[PlyCount "83"]
[EventDate "1988.07.??"]
[EventType "tourn"]
[EventRounds "17"]
[EventCountry "URS"]
[EventCategory "14"]
[SourceTitle "URS-ch"]
[Source "ChessBase"]
[SourceDate "1999.07.01"]
[SourceVersion "1"]
[SourceVersionDate "1999.07.01"]
[SourceQuality "1"]

1. c4 e6 2. Nc3 d5 3. d4 Nf6 4. cxd5 exd5 5. Bg5 Be7 6. e3 Nbd7 7. Nf3 c6 8. Bd3 O-O 9. Qc2 Re8 10. O-O Nf8 11. h3 Be6 12. Rfc1 N6d7 13. Bf4 Nb6 14. Rab1 Bd6 15. Ne2 Ng6 $146 ({RR} 15... f6 16. Nd2 Bf7 17. b4 Bg6 18. Bxg6 Nxg6 19. Bxd6 Qxd6 20. a4 a6 21. Qc5 Qd8 22. Ra1 Re6 23. g3 Rc8 24. h4 Nf8 25. Nf4 Re7 26. Qc2 Qd6 27. Qc5 Qd8 28. Nd3 Ra8 29. Kg2 Ng6 30. Rcb1 {Steingrimsson,H (2533)-Ivanovic,B (2434) Heraklion 2007 1-0 (64)}) 16. Bxd6 Qxd6 17. a4 Rac8 18. Qc5 Qb8 19. Qa3 a6 20. Rc3 Qc7 21. Rbc1 Ra8 22. Nd2 a5 23. Rb1 Nc8 24. b4 axb4 25. Qxb4 Nd6 26. Nb3 Bc8 27. a5 Ne7 28. Ng3 g6 29. Rcc1 h5 30. Ra1 h4 31. Nf1 Bf5 32. Be2 Ne4 33. Nc5 Nxc5 34. Qxc5 Be6 35. Nd2 Nf5 36. Nf3 Qd8 37. a6 bxa6 38. Rxa6 Rxa6 39. Bxa6 Qa8 40. Qxc6 Qxc6 41. Rxc6 Ra8 42. Bd3 1-0

[Event "World Cup"]
[Site "Belfort"]
[Date "1988.06.??"]
[Round "8"]
[White "Karpov, Anatoly"]
[Black "Beliavsky, Alexander G"]
[Result "1-0"]
[WhiteElo "2715"]
[BlackElo "2645"]
[PlyCount "119"]
[EventDate "1988.06.??"]
[EventType "tourn"]
[EventRounds "15"]
[EventCountry "FRA"]
[EventCategory "15"]
[SourceTitle "CBM 008"]
[Source "ChessBase"]
[SourceDate "1989.02.01"]
[SourceVersion "1"]
[SourceVersionDate "1989.02.01"]
[SourceQuality "1"]

1. d4 {Anand,Viswanathan} d5 2. c4 e6 3. Nc3 Nf6 4. cxd5 exd5 5. Bg5 Be7 ({RR} 5... Nbd7 6. Qc2 c6 7. e3 Be7 8. Bd3 O-O 9. Nf3 Re8 10. h3 Nf8 {½-½ (13) Petkov,V (2492)-Strikovic,A (2489) Brena Baja 2022}) 6. e3 O-O 7. Bd3 Re8 8. Nf3 Nbd7 9. O-O c6 10. Qc2 Nf8 11. h3 g6 ({RR} 11... Be6 12. Bf4 ({RR} 12. Rfc1 N6d7 13. Bf4 Nb6 14. Rab1 Bd6 15. Ne2 Ng6 16. Bxd6 Qxd6 17. a4) 12... Bd6 13. Bxd6 Qxd6) 12. Bxf6 Bxf6 13. b4 Ne6 14. Rfd1 a6 15. a4 ({RR} 15. Bf1 Qd6 16. a3 Bd8 17. e4 dxe4 18. Nxe4 Qf4 19. Re1 Bb6 20. Qc3 Rd8 21. g3 Qh6 ({RR} 21... Qf5 22. Rad1 ({RR} 22. Nh4 Bxd4)) 22. Rad1 Qg7 23. Nc5 a5 24. Qb3 axb4 25. axb4 Nc7 26. Bc4 Nd5 27. Kg2 Qf6 28. Ne5 Kg7 29. h4 Ra7 {Karpov,A (2725)-Beliavsky,A (2640) Linares 1991 CBM 022 [Anand,Viswanathan] 1-0 (62)} ({RR} 29... Qd6)) 15... Qd6 16. Qb3 $146 ({RR} 16. Rab1 b5 17. Ne2 Bd7 18. e4 dxe4 19. Bxe4 Nc7 20. Ne5 Nd5 21. Bxd5 cxd5 22. Nxd7 Qxd7 23. axb5 axb5 24. Qd3 Rac8 25. Qf3 Kg7 26. Nf4 Re4 27. Nd3 Qe7 28. Nc5 Re2 29. Qd3 Re8 30. Kf1 h5 {Hincu,O (1964)-Kostic,B (2186) Belgrade 2015 0-1 (52)}) 16... Rd8 17. Bf1 Bg7 18. Ra2 Nc7 19. Ne1 Bf5 20. Ne2 Bf8 21. Rb2 Qf6 22. Nf4 Ne8 23. Rc1 h5 24. Ra2 Bd6 25. Nfd3 Nc7 26. Nc5 Rab8 27. b5 b6 28. Nxa6 Nxa6 29. bxa6 c5 30. Nf3 c4 31. Qb5 h4 32. a5 bxa5 33. Qxa5 Bb4 34. Qa4 Bd6 35. Rca1 Bc7 36. a7 Ra8 37. Qb4 Be4 38. Ra6 Bd6 39. Qb7 Qe7 40. Qc6 Bc7 41. Qb5 Bf5 42. Be2 Bc8 43. R6a2 Qd6 44. Kf1 Kg7 45. Bd1 Qf6 46. Qb2 Re8 47. Qb4 Rd8 48. Be2 Rd7 49. Qb5 Rd8 50. Kg1 Qd6 51. Ne5 f6 52. Ra6 Qe7 53. Nc6 Qd6 54. Kf1 Bxa6 55. Rxa6 c3 56. Nxd8 c2 57. Qb2 Qh2 58. Ne6+ Kh6 59. Ke1 Rc8 60. Nc5 1-0

[Event "Novokuznetsk-ch"]
[Site "Novokuznetsk"]
[Date "2013.05.01"]
[Round "1"]
[White "Suchkov, Evgeniy"]
[Black "Karpov, Arkadiy"]
[Result "1-0"]
[WhiteElo "2355"]
[BlackElo "2067"]
[PlyCount "101"]
[EventDate "2013.05.01"]
[EventType "swiss"]
[EventRounds "9"]
[EventCountry "RUS"]
[SourceTitle "CBM 154 Extra"]
[Source "ChessBase"]
[SourceDate "2013.06.25"]
[SourceVersion "2"]
[SourceVersionDate "2013.06.25"]
[SourceQuality "1"]

1. d4 Nf6 2. c4 e6 3. Nc3 d5 4. Bg5 Be7 5. e3 h6 6. Bh4 c6 7. Bd3 Nbd7 8. cxd5 exd5 9. Qc2 O-O 10. Nf3 Re8 11. O-O Ne4 12. Bg3 Nxg3 13. hxg3 Nf6 14. Rab1 a5 15. a3 Bd6 16. Na4 ({RR} 16. b4 Qe7 17. bxa5 Bxa3 18. a6 b5 19. Ne5 Rxa6 20. e4 Be6 21. Rfe1 Rc8 22. exd5 cxd5 23. Bxb5 Rb6 24. Qb3 Bd6 25. Na4 Rbb8 26. Qd3 Qc7 27. Ba6 Rxb1 28. Rxb1 Ra8 29. Nf3 Ne4 30. Bb5 Bf5 {Van Wely,L (2609)-Le,Q (2729) chess.com INT 2025 0-1 (41)}) 16... Bg4 17. Nh2 $146 ({RR} 17. Nc5 Qe7 18. Rfe1 Ne4 19. Bxe4 dxe4 20. Nd2 Bf5 21. Rec1 h5 22. Nf1 g6 23. b4 b5 24. Qc3 a4 25. Rb2 Bg4 26. Rd2 Red8 27. Qc2 Bf5 28. Rcd1 Bg4 29. Nxe4 Bxd1 30. Rxd1 Rac8 31. Nfd2 Qe6 {Bornheim,C (1973)-Sahin,O (1857) Kocaeli 2013 1-0 (37)}) 17... Qe7 18. Rfe1 Bh5 19. Rbc1 Ne4 20. Nb6 Rad8 21. Bxe4 Qxe4 22. Qxe4 Rxe4 23. f3 Re7 24. Kf2 f5 25. Nf1 g5 26. Nd2 Bg6 27. f4 Kg7 28. Nf3 Kf6 29. Ne5 Bxe5 30. fxe5+ Kg7 31. Rc5 Rf8 32. Rxa5 f4 33. Ra8 fxg3+ 34. Kxg3 Rxa8 35. Nxa8 Bf5 36. Nb6 h5 37. Na4 h4+ 38. Kh2 Kg6 39. Rf1 g4 40. Nc3 g3+ 41. Kg1 Kg5 42. Rf3 Rh7 43. a4 Bg4 44. Rf8 h3 45. gxh3 Rxh3 46. Kg2 Be6 47. Rg8+ Bxg8 48. Kxh3 Bh7 49. Kxg3 Bd3 50. a5 Kf5 51. Na4 1-0

[Event "URS-ch55"]
[Site "Moscow"]
[Date "1988.07.??"]
[Round "8"]
[White "Eingorn, Vereslav S"]
[Black "Karpov, Anatoly"]
[Result "1/2-1/2"]
[WhiteElo "2560"]
[BlackElo "2725"]
[PlyCount "67"]
[EventDate "1988.07.??"]
[EventType "tourn"]
[EventRounds "17"]
[EventCountry "URS"]
[EventCategory "14"]
[SourceTitle "URS-ch"]
[Source "ChessBase"]
[SourceDate "1999.07.01"]
[SourceVersion "1"]
[SourceVersionDate "1999.07.01"]
[SourceQuality "1"]

1. d4 Nf6 2. c4 e6 3. Nf3 d5 4. Nc3 Be7 5. cxd5 exd5 6. Bg5 c6 7. Qc2 g6 8. e4 dxe4 9. Bxf6 Bxf6 10. Qxe4+ Be6 11. Bc4 Qe7 12. Bxe6 Qxe6 13. Qxe6+ fxe6 14. O-O-O ({RR} 14. Ne4 Ke7 15. O-O-O Na6 16. h4 Bg7 17. h5 gxh5 18. Rxh5 Rad8 19. Ne5 Nb4 20. a3 Nd5 21. Rdh1 Nf4 22. Rxh7 Rxh7 23. Rxh7 Kf8 24. Ng5 Rxd4 25. Ng6+ Nxg6 26. Nxe6+ Kf7 27. Nxd4 Kg8 28. Rxg7+ Kxg7 {Lputian,S (2540)-Dokhoian,Y (2520) Blagoveshchensk 1988 1-0 (58)}) 14... Na6 ({RR} 14... Nd7 15. Rhe1 Kf7 16. Ne4 Be7 17. Neg5+ Bxg5+ 18. Nxg5+ Kf6 19. Nxe6 Rae8 20. Nf4 Nb6 21. Kc2 Rxe1 22. Rxe1 Rd8 23. Kc3 Na4+ 24. Kb3 Rxd4 25. Ne6 Rd6 26. Kxa4 Rxe6 27. Rd1 Re2 28. Rd7 Rxb2 29. Rxh7 {Ivanov,A (2078)-Belov,A (2421) chess.com INT 2026 0-1 (65)}) 15. Rhe1 Nc7 16. Ne4 Ke7 $146 ({RR} 16... Be7 17. Nc5 Bxc5 18. dxc5 Ke7 19. Rd4 a5 20. Re3 Nd5 21. Rb3 Ra7 22. Ne5 Rg8 23. Rf3 Rg7 24. Ra4 g5 25. Nc4 g4 26. Rb3 Kd8 27. Rxa5 Rxa5 28. Nxa5 Kc8 29. Nc4 h5 30. g3 Kb8 31. Kd1 {Malaniuk,V (2515)-Kamsky,G (2380) Minsk 1988 1-0 (51)}) ({RR} 16... Be7 17. Nc5 Bxc5 18. dxc5 Rd8 19. Rd6 Rxd6 20. cxd6 Nd5 21. Ne5 Rf8 22. f3 Rf5 23. g3 Nb6 24. f4 Nd7 25. Re2 Nxe5 26. fxe5 Rf3 27. Kd2 c5 28. Ke1 Kd7 29. Re4 Rf5 30. Ke2 Rh5 31. h4 {Ryjanova,J (2325)-Struk,J (2270) Budapest 1999 ½-½ (41)}) 17. Rd3 Rhd8 18. Nxf6 Kxf6 19. Ne5 Kg7 20. Rf3 Rf8 21. Rb3 Nb5 22. f3 Rf4 23. a4 Nd6 24. Rd1 Rh4 25. h3 Re8 26. Rbd3 Re7 27. Kb1 Nf7 28. Nxf7 Kxf7 29. Kc2 Rd7 30. Kc3 Rh5 31. Re1 Rhd5 32. Re5 g5 33. Rde3 R7d6 34. R3e4 1/2-1/2

[Event "Linares 07th"]
[Site "Linares"]
[Date "1989.??.??"]
[Round "?"]
[White "Karpov, Anatoly"]
[Black "Ljubojevic, Ljubomir"]
[Result "1-0"]
[WhiteElo "2750"]
[BlackElo "2580"]
[PlyCount "89"]
[EventDate "1989.01.??"]
[EventType "tourn"]
[EventRounds "11"]
[EventCountry "ESP"]
[EventCategory "16"]
[SourceTitle "CBM 011"]
[Source "ChessBase"]
[SourceDate "1989.08.01"]
[SourceVersion "1"]
[SourceVersionDate "1989.08.01"]
[SourceQuality "1"]

1. d4 Nf6 2. c4 e6 3. Nc3 d5 4. cxd5 exd5 5. Bg5 c6 6. e3 Nbd7 7. Bd3 Be7 8. Qc2 O-O 9. Nf3 Re8 10. O-O Nf8 11. Rab1 Ne4 12. Bxe7 Qxe7 13. b4 a6 14. a4 Bf5 15. Ne5 ({RR} 15. Rfc1 Nd7 16. b5 axb5 17. axb5 Ra3 18. Bxe4 dxe4 19. Nd2 c5 20. Nd5 Qg5 21. dxc5 Ne5 22. Nf4 Nf3+ 23. Nxf3 exf3 24. Qb2 Ra4 25. g3 Bxb1 26. Qxb1 h5 27. c6 bxc6 28. bxc6 Qe5 29. h4 Ra7 {Riazantsev,A (2700)-Morozevich,A (2739) Moscow 2013 1-0 (54)}) ({RR} 15. Nd2 Bg6 16. b5 cxb5 17. axb5 a5 18. Bxe4 Bxe4 19. Ncxe4 dxe4 20. Rfc1 a4 21. Ra1 Qb4 22. Nxe4 Nd7 23. Rcb1 Qa5 24. Nd6 Reb8 25. Qc4 Rf8 26. Nxb7 Qa7 27. Nc5 Nb6 28. Qd3 h6 29. h3 Qe7 {Ruchinskaya,V (1880)-Nunes,A (1906) chess.com INT 2024 1-0 (39)}) 15... Rad8 $146 ({RR} 15... f6 16. Nf3 Nxc3 17. Qxc3 Bxd3 18. Qxd3 Nd7 19. b5 axb5 20. axb5 Qd6 21. Rfd1 Red8 22. bxc6 {½-½ (22) Rendboe,J-Bank Friis,C (2305) Bellinge 1991}) ({RR} 15... f6 16. Bxe4 Bxe4 17. Nxe4 fxe5 18. Nc5 exd4 19. exd4 Ne6 20. Nxe6 Qxe6 21. b5 cxb5 22. axb5 a5 23. b6 Rec8 24. Qb2 {½-½ (24) Palozi,P (2277)-Ribeiro,S (2033) Sao Paulo 2011}) 16. Rfc1 Ng6 17. Bxe4 Bxe4 18. Nxe4 dxe4 19. Nxg6 hxg6 20. b5 cxb5 21. axb5 Rd6 22. bxa6 bxa6 23. Qa4 Qd7 24. Qxd7 Rxd7 25. Rc5 Ra7 26. Ra5 Kf8 27. Rb6 Rea8 28. h4 Ke7 29. Kh2 Kd7 30. Kg3 Kc7 31. Rb2 Rb7 32. Rc5+ Kb8 33. Ra2 Re7 34. Kf4 Kb7 35. Rb2+ Ka7 36. Rc6 Rh8 37. Ra2 a5 38. Rxa5+ Kb7 39. Rca6 Rxh4+ 40. Kg3 Rh5 41. Ra7+ Kc6 42. R5a6+ Kb5 43. Rxe7 Rg5+ 44. Kh2 Kxa6 45. Rxf7 1-0

[Event "URS-ch55"]
[Site "Moscow"]
[Date "1988.07.??"]
[Round "9"]
[White "Karpov, Anatoly"]
[Black "Jussupow, Artur"]
[Result "1-0"]
[WhiteElo "2725"]
[BlackElo "2450"]
[PlyCount "86"]
[EventDate "1988.07.??"]
[EventType "tourn"]
[EventRounds "17"]
[EventCountry "URS"]
[EventCategory "14"]
[SourceTitle "URS-ch"]
[Source "ChessBase"]
[SourceDate "1999.07.01"]
[SourceVersion "1"]
[SourceVersionDate "1999.07.01"]
[SourceQuality "1"]

1. c4 e6 2. Nc3 d5 3. d4 Be7 4. Nf3 Nf6 5. cxd5 exd5 6. Bg5 c6 7. Qc2 g6 8. e4 Nxe4 9. Bxe7 Kxe7 10. Nxe4 dxe4 11. Qxe4+ Be6 12. Bc4 Qa5+ 13. Kf1 Qf5 14. Qe3 Nd7 15. Re1 Rae8 $146 ({RR} 15... Rhe8 16. Bxe6 fxe6 17. h4 Kd6 18. Ng5 Nf6 19. Rh3 Ng4 20. Qg3+ Kd7 21. Ne4 Rf8 22. Qd6+ Kc8 23. Rf3 {1-0 (23) Soppe,G (2448)-Tempone,M (2423) Buenos Aires 1999}) 16. d5 cxd5 17. Bb5 a6 18. Qa3+ Kd8 19. Qa5+ Ke7 20. Qb4+ Kf6 21. Qd4+ Ke7 22. Bd3 Qh5 23. h4 Kd8 24. Ng5 Rhf8 25. Be2 Qh6 26. Bf3 Re7 27. Qb4 Nf6 28. Qd6+ Rd7 29. Qf4 Ng8 30. Bg4 Kc8 31. Bxe6 fxe6 32. Rc1+ Kd8 33. Nxe6+ Ke7 34. Qxf8+ Qxf8 35. Nxf8 Kxf8 36. Rh3 Ne7 37. h5 Kg7 38. h6+ Kf6 39. Rf3+ Ke6 40. Re1+ Kd6 41. Rf6+ Kc7 42. g4 Nc6 43. Re8 d4 1-0